Score 0/40 Timer 04:00
1 Play Today
Clue Rung % Correct
The middle of an apple.CORE
92.5%
To arrive.COME
89.5%
Belonging to me.MINE
89.4%
A hair-fixing tool.COMB
89.4%
What you pay to ride the bus.FARE
88.8%
A monetary penalty.FINE
87%
A popular American news magazine.TIME
85.8%
To be concerned.CARE
84.3%
What you shouldn't shout in a crowded theatre.FIRE
83.6%
A crucial part of a fork.TINE
83.6%
What a dog does when it's hot.PANT
83%
I. God portrayed by the Statue at Olympia.ZEUS
81.5%
Mentally healthy.SANE
81.3%
A piece of wet, swampy, ground.MIRE
79.3%
Constructs clothing.SEWS
78.7%
III. What was built at Halicarnassus for Mausolus.TOMB
78.6%
A large and often ancient book.TOME
78.4%
A role in a theatrical production.PART
77.5%
Nocturnal condensations.DEWS
77.4%
To pay attention to something.MIND
74.8%
Clue Rung % Correct
'Without,' in Paris.SANS
74.2%
A minute opening in the skin.PORE
71.3%
II. A temple, like that of Artemis at Ephesus.FANE
70.6%
Ottawa's hockey team, for short.SENS
69.8%
A royal flush or full house.HAND
69.7%
A very strong wind.GALE
68.6%
To form hay into a bundle.BALE
68.3%
What emerges from a machina.DEUS
68.1%
To inflict tedium.BORE
65.7%
VI. What the Colossus of Rhodes guarded.PORT
65.4%
Sir Francis Drake's ship: The Golden ____HIND
63.8%
V. What the Gardens at Babylon used to do.HANG
62.5%
An often extravagant festivity.GALA
62.3%
VII. Where the Great Pyramid is located.GIZA
60.1%
A sudden feeling of emotional distress.PANG
59%
The trunk of a tree.BOLE
56%
One of the major ancient Philistine cities.GAZA
54.7%
The weight of a vehicle without cargo.TARE
43.2%
IV. Italian word for the type of wonder at Alexandria.FARO
29.5%
An edible tropical tuber.TARO
28.4%

Today's Daily Dose

Remove Ads.
Support Sporcle.
Get the best of Sporcle when you Go Orange. This ad-free experience offers more features, more stats, and more fun while also helping to support Sporcle. Thank you for becoming a member.

You're not logged in!

Compare scores with friends on all Sporcle quizzes.
OR
Log In

Show Comments

Extras

Top Quizzes Today


Score Distribution

Your Account Isn't Verified!

In order to create a playlist on Sporcle, you need to verify the email address you used during registration. Go to your Sporcle Settings to finish the process.

Report this User

Report this user for behavior that violates our Community Guidelines.

Details: